000 00452nam a2200181Ia 4500
001 13411
005 20260306164759.0
008 260306t1999||||xx |||||||||||||| ||spa||
041 _aESP
082 _a004
_bL85
100 _aLong, Larry
_eAUT
245 0 _aIntroducción a las computadoras y a los sistemas de información
260 _c1999
300 _a416 páginas :
_c27 cm.
650 _aGEN
654 _aCCC
942 _cLIB
_dJUS
_fJUS
_2ddc
_n
999 _c13411
_d13411